000 00384 a2200169 4500
001 71796
020 _a8532206417
040 _cAnchieta - Colégio São Paulo
100 _aMorales, Gilson
240 1 0 _aAs dez moedas de prata
_lpor
245 1 0 _aAs dez moedas de prata
300 _a16
362 0 _a1992
440 1 _aFTD
650 4 _aLiteratura infanto-juvenil
942 _cBK
999 _c71796
_d71796